gagnant ligue des champions 21eme siècle - Statistiques

Statistiques générales
  • Ce quiz a été pris 590 fois
  • Le résultat moyen est 17 sur 21
Statistiques - réponses
année club % Correct
2000 Real Madrid
100%
2002 Real Madrid
100%
2014 Real Madrid
100%
2016 Real Madrid
100%
2017 Real Madrid
100%
2018 Real Madrid
100%
2006 FC Barcelone
85%
2009 FC Barcelone
85%
2011 FC Barcelone
85%
2015 FC Barcelone
85%
2001 Bayern Munich
84%
2013 Bayern Munich
84%
2020 Bayern Munich
84%
2010 Inter Milan
76%
2003 AC Milan
75%
2007 AC Milan
75%
2008 Manchester United
75%
2005 Liverpool FC
65%
2019 Liverpool FC
65%
2012 Chelsea FC
61%
2004 FC Porto
53%
Aucun quiz correspondant
Distribution des résultats
% des personnes avec chaque résultat
Percentile par nombre de réponses
Votre historique - résultats
Vous n’avez pas pris ce quiz